000 00817cam a22002531 4500
001 he 68000631
003 DLC
005 20260227111454.0
008 870223s1963 is 000 0 hebo
010 _ahe 68000631
035 _a(OCoLC)15228574
040 _aDLC
_cCU
_dDLC
041 1 _aheb
_heng
050 0 0 _aPR2796.H4
_bK53
100 1 _aShakespeare, William,
_d1564-1616.
240 1 0 _aKing Lear.
_lHebrew
245 1 0 _aMelekh Lir
_c[me-et] Ṿilyam Sheḳspir. ʻIvrit bi-yede Sh. Ts. Daṿidovits.
260 _aYerushalayim,
_cḲiryat Sefer,
_c724 [1963 or 4]
300 _a140 p.
_c21 cm.
500 _aAdded t. p.: King Lear. Translated into Hebrew by S. H. Davidowitz.
500 _aVocalized.
650 0 _aLear, King (Legendary character)
_vDrama.
700 1 _aDavidowitz, Harry Soloman,
_d1887-
999 _c32998
_d32998